00826cam a22002534a 450000100090000000300050000900500170001400800410003101000170007202000280008904000180011704200080013505000200014308200220016310000230018524500700020824600290027826000360030730000290034350000080037250400640038065000390044485600890048311965148NUST20170616102522.0000405s2000 flua b 001 0 eng  a 00039104  a1566703921 (alk. paper) aDLCcDLCdDLC apcc00aQR54b.C85 200000a579.30222 CUL2211 aCullimore, D. Roy.10aPractical atlas for bacterial identification /cD. Roy Cullimore.30aBacterial identification aBoca Raton :bCRC/Lewis,c2000. a209 p. :bill. ;c24 cm. aH.B aIncludes bibliographical references (p. 197-198) and index. 0aBacteriaxIdentificationvAtlases.423Publisher descriptionuhttp://www.loc.gov/catdir/enhancements/fy0744/00039104-d.html